000 00472nam a2200193 a 4500
005 20220523135936.0
008 991125 mx 000 0 spa u
020 _a9684197500
035 _aUPN01000033630
049 _aI
050 4 _aQK63 R6.4
100 1 _aRodríguez Céspedes, Paula
245 1 0 _aJuguemos con plantas
260 _aMéxico :
_bGrijalbo
300 _a20 h. :
_bil. col.
650 2 _aPlantas
_91125
904 _aAC
_b033631
905 _aInfantil
999 _c33630
_d33630